00404nam a22001337a 4500008004100000020001500041050002500056245006500081260002700146300001600173650003800189650002500227650001800252211109b |||||||| |||| 00| 0 eng d a1780648583 aRA793b.C55 2016 c.1 aClimate change and global health cEdited by Colin D. Butler aAustralia bCABIc2016 axxiv, 318p. aClimate changes vhealth aspects  aMedical climatology  aWorld health